| 000 | 01106nam a2200217 i 4500 | ||
|---|---|---|---|
| 001 | 163356 | ||
| 003 | ES-MaACL | ||
| 005 | 20230906212726.0 | ||
| 008 | 991006s1893 sp |||| | spa d | ||
| 040 |
_aCCPB | B _bspa _cCCPB | B |
||
| 100 | 1 |
_aRetana, W. E. _9143306 |
|
| 245 | 1 | 0 | _aCatálogo de la Biblioteca filipina de W. E. Retana. |
| 260 |
_aMadrid : _b[s.n.], _c1893 ( _fImprenta de la Viuda de M. Minuesa de los Ríos) |
||
| 300 |
_aVIII, 118 col., [3] h. ; _c35 cm. |
||
| 500 | _aEl v. de todas las h. en bl. | ||
| 530 | _aDisponible también en sitio web. | ||
| 595 | _aEdición de 30 ejemplares. | ||
| 651 | 4 |
_aFilipinas- _vBibliografías. _9137148 |
|
| 852 |
_aES-MaACL _jR-1748(4) _z-- Enc. hol., conservando la enc. original _z-- Ded. del autor al Ateneo de Madrid _z-- Ejemplar nº 4 (adjudicado a la Biblioteca del Ateneo de Madrid) de una edición de 30 ejemplares _zEnc. en un vol. facticio _x-- T594: Port. a dos tintas _x Olim T-651-F |
||
| 856 |
_uhttp://bibliotecadigitalhispanica.bne.es:80/webclient/DeliveryManager?pid=2139524&custom_att_2=simple_viewer _zIr a la página |
||
| 999 |
_c163356 _d163356 |
||